00574nam a2200193Ia 4500003000400000005001700004008004100021020001700062040000700079041001200086082002500098100001800123245012100141260004600262300002400308365001400332700001900346700001500365OSt20251105173838.0210423s2012 xx 000 0 und d a978849051583 cAL aEnglish a362.204250941 bGALS aDiane Galpin  aSurvival guide for newly qualified social workers in adult and mental health services b: hitting the ground running aLondonbJessica Kingsley Publishersc2012 a192p,bPBc23x15cm. b1232cINR aBigmore, Jenny aParker, Jo